Go embedded (Record no. 139603)

000 -LEADER
fixed length control field 00252nmm a2200097Ia 4500
008 - FIXED-LENGTH DATA ELEMENTS--GENERAL INFORMATION
fixed length control field 220120s9999||||xx |||||||||||||||||und||
020 ## - INTERNATIONAL STANDARD BOOK NUMBER
International Standard Book Number 981-240-052-4
100 ## - MAIN ENTRY--PERSONAL NAME
Personal name Dani, Asang and Kanetkar, Yashavant
245 #0 - TITLE STATEMENT
Title Go embedded
260 ## - PUBLICATION, DISTRIBUTION, ETC.
Place of publication, distribution, etc. BPB publication
Holdings
Withdrawn status Lost status Damaged status Not for loan Home library Current library Date acquired Barcode Date last seen Price effective from Koha item type
        Central Library Central Library 01/20/2022 CD1154 01/20/2022 01/20/2022 Compact Disc

Powered by Koha